000 00302nam a22001337a 4500
008 170204b xxu||||| |||| 00| 0 eng d
020 _a039301794X
041 _aeng
080 _a61
100 _a3
101 _aSHM
245 _aTHE COMPLETE BOOK OF MEDICAL TESTS
_cMOSKOWITZ, M,.A
942 _2udc
_cBK
999 _c4671
_d4671